000 00673nam a2200253Ia 4500
003 OSt
005 20220918193419.0
006 a|||||r|||| 00| 0
007 ta
008 220917b |||||||| |||| 00| 0 eng d
024 _a72,971
037 _cTextual
040 _aARTS
_cARTS
_beng
041 _2eng
_aeng
082 _aR5, H3 (TTR)
100 _aMorris Bertram
_981677
245 0 _aAesthetic process
260 _aNew York
_bAMS Press
_c1970
300 _aix,189p.
_ccm.
490 _aNorthwestern univ studies in the humanities; 8
650 _aAESTHETICS
942 _hR5, H3 (TTR)
_cTEXL
_2CC
999 _c198912
_d198912